000 01306pam a2200313 a 4500
001 015798626
003 Uk
005 20110905120446.0
008 110419s2012 njua 001 0 eng d
020 _a0132570165
020 _a9780132570169
082 0 4 _a025.04
_222
_bMOT
100 1 _aMotiwalla, Luvai F.
_930114
245 1 0 _aEnterprise Systems for Management /
_cLuvai Motiwalla, Jeffrey Thompson.
250 _a2nd ed.
260 _aUpper Saddle River, N.J. :
_bPearson Education,
_cc2012.
300 _a383 p. :
_bill. ;
_c24 cm.
500 _a"International edition"-Cover.
500 _aPrevious ed.: 2008.
500 _aIncludes index.
650 0 _aManagement information systems.
_930115
690 7 _aManagement and Business Studies
_2blcoll
_930116
653 _bCS
_cJune2012
700 1 _aThompson, Jeffrey,
_d1953-
_930117
942 _2ddc
_cBB
999 _c16766
_d16766